000 00417nam a2200181Ia 4500
001 1177
005 20260306140612.0
008 260306t2001||||xx |||||||||||||| ||spa||
041 _aESP
082 _a187
_bA37
100 _aAlcoberro, Ramon
_eAUT
245 0 _aEPICUR:
_buna filosofía moral
260 _c2001
300 _a62 páginas :
_c20 cm.
650 _aGEN
654 _aCHU
942 _cLIB
_dJUS
_fJUS
_2ddc
_n
999 _c1177
_d1177